Herr der Ringe Trivia #3 - Statistiken

Allgemein
  • Dieses Quiz wurde 414 mal gespielt
  • Das Durchschnittsergebnis liegt bei 19 aus 25
Antwortstatistiken
Hint Antwort % Korrekt
Wie lautet der Beiname Sarumans? Der Weiße
98%
"Erwartet mein kommen, beim ersten Licht des 5. Tages bei Sonnenaufgang schaut nach…"? Osten
95%
Wen verkörpert Schauspieler Viggo Mortensen? Aragorn
94%
Wen heiratet Aragorn? Arwen
93%
Wie trägt Frodo den Ring bei sich? Als Kette
92%
In welcher Farbe leuchtet Stich wenn Orks in der Nähe sind? Blau
92%
Welcher Spezies gehört Baumbart an? Ents
89%
Wie heißt die Hauptstadt Gondors? Minas Tirith
88%
Wer tötete den Hexenkönig von Angmar? Eowyn
85%
Wer sagte "Du bestimmst unser aller Schicksal, kleiner Mann"? Boromir
84%
Wohin flieht das Volk Edoras? Helms Klamm
84%
Wie heißt Gandalfs weißes Pferd? Schattenfell
82%
Wie hieß Aragorns Vater? Arathorn
78%
Wie heißt das Brot welches die Gefährten in Lothlorien mit auf den Weg bekommen? Lembasbrot
74%
Wie heißen die großen Tiere die von den Haradrim geritten werden ? Olifanten / Mumakil
73%
Wo treffen Aragorn, Gimli und Legolas das erste mal auf Gandalf den Weißen? Fangorn-Wald
68%
Wen erwürgt Smeagol weil er den Ring für sich haben will? Deagol
67%
Was behauptet Frodo im tänzelnden Pony was sein Name wäre? Unterberg
65%
Wie heißt der Truchsess Gondors und Vater von Boromir und Faramir? Denethor
63%
John Rhys-Davies spricht im original Baumbart, wen spielt er noch? Gimli
63%
Welche Pflanze sucht Aragorn um Frodos Wunde zu versorgen, nachdem dieser auf der Wetterspitze verletzt wurde? Königskraut / Athelas
61%
Als Pippin in Moria die Zwergenleiche in den Brunnen Fallen lässt nennt Gandalf ihn einen was? Närrischer Tuk
52%
Wie heißt der Sohn von König Theoden? Theodred
46%
Welcher Finger an welcher Hand fehlt Frodo am Ende der Trilogie? Linker Zeigefinger
45%
Welche Krankheit hat Gollum bzw. Smeagol? Schizophrenie
34%
Keine übereinstimmenden Quizze gefunden
Verteilung der Resultate
Anzahl Personen mit jedem Resultat
Perzentil nach korrekt beantworteten Fragen
Ihre Resultats-Entwicklung
Sie haben dieses Quiz noch nicht gespielt